|
|
|
|
| LEADER |
00994nam a2200253 a 4500 |
| 001 |
13867327 |
| 008 |
091219s2006 mau b 001 0 eng d |
| 010 |
|
|
|a 2005041594
|
| 020 |
|
|
|a 0072994819 (alk. paper)
|
| 040 |
|
|
|a DLC
|c DLC
|d DLC
|c BD-DhAAL
|
| 082 |
0 |
0 |
|a 305.8
|2 22
|
| 245 |
0 |
0 |
|a Talking about people :
|b readings in contemporary cultural anthropology.
|
| 250 |
|
|
|a 4th ed. /
|b [edited by] William A. Haviland, Robert J. Gordon, Luis A. Vivanco.
|
| 260 |
|
|
|a Boston :
|b McGraw-Hill,
|c c2006.
|
| 300 |
|
|
|a xxii, 297 p. ;
|c 28 cm.
|
| 504 |
|
|
|a Includes bibliographical references and index.
|
| 541 |
1 |
|
|e 00016361
|
| 650 |
|
0 |
|a Ethnology.
|
| 700 |
1 |
|
|a Haviland, William A.
|
| 700 |
1 |
|
|a Gordon, Robert J.,
|d 1947-
|
| 700 |
1 |
|
|a Vivanco, Luis Antonio,
|d 1969-
|
| 852 |
4 |
|
|a Ayesha Abed Library
|j General Shelf.
|
| 999 |
|
|
|c 6263
|d 6263
|
| 952 |
|
|
|0 0
|1 0
|2 ddc
|4 0
|6 305_800000000000000_TAL_2006
|7 0
|9 6301
|a BRACUL
|b BRACUL
|c GEN
|d 2009-12-21
|l 2
|m 2
|o 305.8 TAL
|p 3010016361
|r 2019-07-02
|s 2019-03-04
|w 2009-12-21
|y BK
|